| 000 | 01494nam a22002297a 4500 | ||
|---|---|---|---|
| 003 | OSt | ||
| 005 | 20210119142717.0 | ||
| 008 | 210119s2006 ck ||||gr|||| 00| 0 spa d | ||
| 020 | _a9589719735 | ||
| 040 |
_aCO-JMCR _cCO-JMCR |
||
| 041 | 0 | _aspa | |
| 082 | 0 | 4 |
_a928 / _bC758l _223 |
| 100 | 1 |
_aConsuegra Higgins, José, _eautor _93510 |
|
| 245 | 1 | 4 |
_aLas sorpresas del tiempo : _bDel recuerdo a la semblanza / _cJosé Consuegra Higgins |
| 260 |
_aBarranquilla : _bMejoras, _c2006 |
||
| 300 |
_axx, 156 : xxii 109 páginas ; _c24 cm. |
||
| 490 |
_aObras completas ; _v5 |
||
| 505 | 0 |
_tTres comentarios -- Una carta -- Sobre un libro y una carta -- Un libro -- Prólogo la séptima edición -- Del recuerdo a la semblanza -- Brisas y veranos del ayer -- Prodigios de la cumbia -- Mi pueblo, ayer y hoy -- De la lectura y el relato a la telenovela -- La navidad en mi pueblo -- El encanto de las lluvias _tNota del autor -- Prólogo a la primera edición -- Prólogo a la sexta edición -- Primero fue el mar -- Volver a Popayán -- Bogotá, Cartagena, amigos y Desarrollo Indoamericano -- Recuerdos de la URSS -- La casa de la cultura de Bagdad a Atenas -- Los pueblos piensan con nobleza -- La defensa de los recursos -- El Chile de Allende -- Ilusiones y entregas -- Así es su universo La tía Pacha -- El quehacer político -- La universalidad -- Recuerdos de ciudades -- La planeación |
|
| 650 | 2 | 4 |
_aLiteratura colombiana _912884 |
| 650 | 2 | 4 |
_aDiarios íntimos _912885 |
| 942 |
_2ddc _cBK |
||
| 999 |
_c7067 _d7067 |
||